• 首页
  • 本馆介绍
  • 公告通知
  • 最新文献
  • 馆藏检索
  • 电子资源
  • 读者导购
  • 参考咨询
  • 我的图书馆
  • 登录
  • 详细信息显示
  • 放入我的书架
  • 预约/预借图书
  • 作者相关作品
  • 分类相关作品
  • 丛书相关作品
  • 出版社相关作品

书目信息

  • 表格格式
  • 工作单格式
  • 卡片格式
题名:
叶(茎)类蔬菜设施栽培
    
 
作者: 徐海 , 宋波 编著
分册:  
出版信息: 北京   中国农业出版社  2013
页数: 139页
开本: 21cm
丛书名: 谁种谁赚钱·设施蔬菜技术丛书
单 册:
中图分类: S626.5
科图分类:
主题词: 蔬菜--温室栽培 , 蔬菜 , 温室栽培
电子资源:
ISBN: 978-7-109-17761-1
000 00948nam0 2200277 450
001 006671277
005 20140609084416.18
010    @a978-7-109-17761-1@dCNY18.00
100    @a20130703d2013 em y0chiy0110 ea
101 0  @achi
102    @aCN@b110000
105    @aa z 000yy
106    @ar
200 1  @a叶(茎)类蔬菜设施栽培@9ye ( jing ) lei shu cai she shi zai pei@f徐海,宋波编著
210    @a北京@c中国农业出版社@d2013
215    @a139页@c彩照@d21cm
225 1  @a谁种谁赚钱·设施蔬菜技术丛书@f常有宏,余文贵,陈新主编
330    @a本书共分十一章,主要内容包括:大白菜设施栽培、小白菜设施栽培、芹菜设施栽培、菠菜设施栽培、韭菜设施栽培、苋菜设施栽培、茼蒿设施栽培、茴香设施栽培等。
606 0  @a蔬菜@x温室栽培
606 0  @a蔬菜
606 0  @a温室栽培
690    @aS626.5@v5
701  0 @a徐海@9xu hai@f(1981~)@4编著
701  0 @a宋波@9song bo@c(农业)@4编著
801  0 @aCN@bNLC@c20130816
905    @b547958-60@dS626.5@e270@f3
    
    叶(茎)类蔬菜设施栽培/徐海,宋波编著.-北京:中国农业出版社,2013
    139页:彩照;21cm.-(谁种谁赚钱·设施蔬菜技术丛书/常有宏,余文贵,陈新主编)
    
    
    ISBN 978-7-109-17761-1:CNY18.00
    本书共分十一章,主要内容包括:大白菜设施栽培、小白菜设施栽培、芹菜设施栽培、菠菜设施栽培、韭菜设施栽培、苋菜设施栽培、茼蒿设施栽培、茴香设施栽培等。
●
相关链接 在E读中查询图书 在五车中查询图书 在当当中查询图书 在豆瓣中查询图书


正题名:叶(茎)类蔬菜设施栽培     索取号:S626.5/270         预约/预借

序号 登录号 条形码 馆藏地/架位号 状态 备注
1 547958   205479588   第二样本阅览室/ [索取号:S626.5/270] 在馆    
2 547959   205479597   第三借阅区/ [索取号:S626.5/270] 在馆    
3 547960   205479604   密集书库-生命科学系/ [索取号:S626.5/270] 在馆    
唐山师范学院图书馆 欢迎您!
大连网信软件有限公司© 版权所有